000 00384nam a22001217a 4500
003 SGT
082 _a891.4309
_bS11T
100 _aत्रिवेदी, प्रिय रंजन
245 _aस्वामी सहजांनन्द
260 _bसरस्वती किसान केंद्र प्रकाशन
_c2011
300 _a329
942 _2ddc
_cBK
999 _c31227
_d31227